[Event "GER-chT Lands U20"]
[Site "Wiesbaden"]
[Date "2022.10.02"]
[Round "4.3"]
[White "Burian, Simon"]
[Black "Bornholdt, Joa Max"]
[Result "1/2-1/2"]
[WhiteElo "2196"]
[BlackElo "2196"]
[PlyCount "45"]
[EventDate "2022.09.30"]
[EventType "team-swiss"]
[EventRounds "7"]
[EventCountry "GER"]
[SourceTitle "CBM 210 Extra"]
[Source "ChessBase"]
[SourceDate "2022.11.30"]
[SourceVersion "1"]
[SourceVersionDate "2022.11.30"]
[SourceQuality "1"]
[WhiteTeam "Sachsen U20"]
[BlackTeam "Schleswig Holstein U20"]
[WhiteTeamCountry "GER"]
[BlackTeamCountry "GER"]

1. e4 c5 2. Nf3 d6 3. d4 cxd4 4. Nxd4 Nf6 5. Nc3 g6 6. f3 Bg7 7. Be3 0-0 8. Qd2 Nc6 9. g4 Nxd4 10. Bxd4 Be6 11. 0-0-0 Qa5 12. a3 Rab8 13. h4 b5 14. Nd5 Qxd2+ 15. Rxd2 Bxd5 16. exd5 Nd7 17. Bxa7 Ra8 18. Bd4 b4 19. Bxg7 Kxg7 20. Rd3 Ne5 21. Rb3 bxa3 22. bxa3 Ra5 23. Be2 1/2-1/2

[Event "Innsbruck op 5th"]
[Site "Innsbruck"]
[Date "2021.08.28"]
[Round "9"]
[White "Burian, Simon"]
[Black "Richter, Philipp2222"]
[Result "0-1"]
[WhiteElo "2143"]
[BlackElo "2233"]
[PlyCount "52"]
[EventDate "2021.08.21"]
[EventType "swiss"]
[EventRounds "9"]
[EventCountry "AUT"]
[SourceTitle "CBM 204 Extra"]
[Source "ChessBase"]
[SourceDate "2021.11.30"]
[SourceVersion "1"]
[SourceVersionDate "2021.11.30"]
[SourceQuality "1"]

1. d4 Nf6 2. c4 c5 3. d5 e6 4. Nc3 exd5 5. cxd5 d6 6. e4 g6 7. h3 Bg7 8. Nf3 a6 9. a4 Nbd7 10. Be2 0-0 11. 0-0 Re8 12. Qc2 Qe7 13. Nd2 Nh5 14. Bxh5 gxh5 15. Qd1 Qh4 16. Nc4 Ne5 17. Nxd6 Bxh3 18. g3 Qf6 19. Nxe8 Nf3+ 20. Kh1 Rxe8 21. Bf4 Bg4 22. Qc1 Qg6 23. Ra3 h4 24. Kg2 Bxc3 25. Rxc3 Qxe4 26. Re3 Ne1+ 0-1

[Event "GER-ch Blitz"]
[Site "Magdeburg"]
[Date "2021.08.01"]
[Round "23"]
[White "Bluebaum, Matthias"]
[Black "Burian, Simon"]
[Result "1/2-1/2"]
[WhiteElo "2674"]
[BlackElo "2143"]
[PlyCount "90"]
[EventDate "2021.08.01"]
[EventType "tourn (blitz)"]
[EventRounds "29"]
[EventCountry "GER"]
[EventCategory "5"]
[SourceTitle "CBM 203 Extra"]
[Source "ChessBase"]
[SourceDate "2021.09.30"]
[SourceVersion "1"]
[SourceVersionDate "2021.09.30"]
[SourceQuality "1"]

1. d4 Nf6 2. c4 c5 3. d5 b5 4. cxb5 a6 5. bxa6 g6 6. Nc3 Bg7 7. e4 0-0 8. a7 Rxa7 9. Nf3 d6 10. Be2 Ba6 11. 0-0 Nbd7 12. a4 Qa8 13. Ra3 Rb8 14. Bb5 Bxb5 15. Nxb5 Rab7 16. Qe2 Ne8 17. Bg5 Nb6 18. Qc2 h6 19. Bd2 Nd7 20. Rb1 Nc7 21. Nxc7 Rxc7 22. a5 Rcb7 23. Bc3 Rb5 24. h3 Qa6 25. Nd2 Bxc3 26. Qxc3 Rb4 27. b3 Rd4 28. Re1 Ne5 29. Re3 g5 30. Kh2 Rb5 31. g3 Rdb4 32. Kg2 Rxa5 33. Rxa5 Qxa5 34. f4 Ng6 35. fxg5 hxg5 36. Nf3 Qa2+ 37. Kg1 f6 38. h4 g4 39. Nd2 Ne5 40. Kf1 Rd4 41. Ke1 Kf7 42. Re2 Qa6 43. Re3 Qa2 44. Re2 Qa6 45. Re3 Qa2 1/2-1/2

[Event "GER-ch Blitz"]
[Site "Magdeburg"]
[Date "2021.08.01"]
[Round "29"]
[White "Burian, Simon"]
[Black "Carlstedt, Jonathan"]
[Result "0-1"]
[WhiteElo "2143"]
[BlackElo "2442"]
[PlyCount "72"]
[EventDate "2021.08.01"]
[EventType "tourn (blitz)"]
[EventRounds "29"]
[EventCountry "GER"]
[EventCategory "5"]
[SourceTitle "CBM 203 Extra"]
[Source "ChessBase"]
[SourceDate "2021.09.30"]
[SourceVersion "1"]
[SourceVersionDate "2021.09.30"]
[SourceQuality "1"]

1. e4 c5 2. Nf3 g6 3. d4 cxd4 4. Qxd4 Nf6 5. Nc3 Nc6 6. Qa4 d6 7. e5 dxe5 8. Nxe5 Bg7 9. Bb5 Bd7 10. Nxd7 Qxd7 11. Be3 0-0 12. 0-0 e6 13. Rad1 Qc7 14. Bf4 Qb6 15. Rd6 Rfc8 16. Rfd1 a6 17. Bxc6 Rxc6 18. Qa3 Bf8 19. Rxc6 Qxc6 20. Qb3 b5 21. h3 Rc8 22. a3 Nd7 23. Qa2 Nb6 24. Be5 Nc4 25. Bd4 e5 26. Be3 Nxa3 27. Nd5 Nxc2 28. Rc1 Qe6 29. Qb3 Nd4 30. Rxc8 Nxb3 31. Rd8 Kg7 32. Nc7 Qe7 33. Ne8+ Kg8 34. Ra8 f6 35. h4 Kf7 36. h5 Qxe8 0-1

[Event "GER-ch Blitz"]
[Site "Magdeburg"]
[Date "2021.08.01"]
[Round "12"]
[White "Burian, Simon"]
[Black "Dauner, Benedikt"]
[Result "1-0"]
[WhiteElo "2143"]
[BlackElo "2133"]
[PlyCount "91"]
[EventDate "2021.08.01"]
[EventType "tourn (blitz)"]
[EventRounds "29"]
[EventCountry "GER"]
[EventCategory "5"]
[SourceTitle "CBM 203 Extra"]
[Source "ChessBase"]
[SourceDate "2021.09.30"]
[SourceVersion "1"]
[SourceVersionDate "2021.09.30"]
[SourceQuality "1"]

1. e4 g6 2. d4 Nf6 3. Nc3 d5 4. e5 Ne4 5. Bd3 Nxc3 6. bxc3 c5 7. h4 c4 8. Be2 h6 9. f4 Qa5 10. Bd2 h5 11. g4 hxg4 12. Bxg4 Bxg4 13. Qxg4 e6 14. h5 Rxh5 15. Rxh5 gxh5 16. Qxh5 Nc6 17. Nf3 Qa4 18. Ng5 Nd8 19. Kd1 Be7 20. Qh8+ Kd7 21. Nxf7 Rc8 22. Qg7 Nxf7 23. Qxf7 Rh8 24. f5 Rh1+ 25. Be1 Rh2 26. Rc1 exf5 27. Qxd5+ Ke8 28. Qg8+ Kd7 29. d5 Qb5 30. e6+ Kc7 31. Bg3+ Kb6 32. Bxh2 Qxd5+ 33. Ke1 Bh4+ 34. Bg3 Qh1+ 35. Kf2 Bxg3+ 36. Qxg3 Qxc1 37. Qe3+ Qxe3+ 38. Kxe3 Kc6 39. Kf4 Kd6 40. Kxf5 Ke7 41. Ke5 b5 42. Kd5 a6 43. a3 Ke8 44. Kc6 Ke7 45. Kb7 Kxe6 46. Kxa6 1-0

[Event "GER-ch Blitz"]
[Site "Magdeburg"]
[Date "2021.08.01"]
[Round "22"]
[White "Burian, Simon"]
[Black "Hirneise, Jens"]
[Result "0-1"]
[WhiteElo "2143"]
[BlackElo "2289"]
[PlyCount "38"]
[EventDate "2021.08.01"]
[EventType "tourn (blitz)"]
[EventRounds "29"]
[EventCountry "GER"]
[EventCategory "5"]
[SourceTitle "CBM 203 Extra"]
[Source "ChessBase"]
[SourceDate "2021.09.30"]
[SourceVersion "1"]
[SourceVersionDate "2021.09.30"]
[SourceQuality "1"]

1. e4 c5 2. Nf3 d6 3. d4 cxd4 4. Nxd4 Nf6 5. f3 e5 6. Nb3 a5 7. c4 Nxe4 8. fxe4 Qh4+ 9. Kd2 a4 10. g3 Qxe4 11. Bd3 Qg2+ 12. Kc3 axb3 13. Nd2 Nc6 14. Qe1 d5 15. cxd5 Qxd5 16. Bc4 Qd4+ 17. Kxb3 Na5+ 18. Kc2 Bf5+ 19. Kd1 Nxc4 0-1

[Event "GER-ch Blitz"]
[Site "Magdeburg"]
[Date "2021.08.01"]
[Round "28"]
[White "Koelle, Tobias"]
[Black "Burian, Simon"]
[Result "1/2-1/2"]
[WhiteElo "2312"]
[BlackElo "2143"]
[PlyCount "91"]
[EventDate "2021.08.01"]
[EventType "tourn (blitz)"]
[EventRounds "29"]
[EventCountry "GER"]
[EventCategory "5"]
[SourceTitle "CBM 203 Extra"]
[Source "ChessBase"]
[SourceDate "2021.09.30"]
[SourceVersion "1"]
[SourceVersionDate "2021.09.30"]
[SourceQuality "1"]

1. d4 Nf6 2. c4 c5 3. e3 g6 4. Nf3 Bg7 5. Nc3 0-0 6. Be2 cxd4 7. exd4 d5 8. c5 Nc6 9. 0-0 Ne4 10. h3 b6 11. Qa4 Bb7 12. Bb5 Nb8 13. c6 Bc8 14. Bf4 e5 15. Nxe5 a6 16. Nxg6 hxg6 17. c7 Qh4 18. Nxd5 Bb7 19. cxb8Q Raxb8 20. Bxb8 Bxd5 21. Be5 axb5 22. Qxb5 Bxe5 23. dxe5 Be6 24. Qxb6 Ng5 25. Qe3 Bxh3 26. Qg3 Qxg3 27. fxg3 Be6 28. a4 Rb8 29. Rf2 Ne4 30. Rc2 Nxg3 31. a5 Bf5 32. Rd2 Ne4 33. Rd4 Rxb2 34. a6 Ng3 35. Rd8+ Kg7 36. a7 Be4 37. Kh2 Rxg2+ 38. Kh3 Nh5 39. Rg8+ Kh7 40. Rh8+ Kg7 41. Rxh5 gxh5 42. a8Q Bxa8 43. Rxa8 Rg5 44. Re8 Kg6 45. e6 fxe6 46. Rxe6+ 1/2-1/2

[Event "GER-ch Blitz"]
[Site "Magdeburg"]
[Date "2021.08.01"]
[Round "7"]
[White "Schulze, Torben"]
[Black "Burian, Simon"]
[Result "1-0"]
[WhiteElo "2280"]
[BlackElo "2143"]
[PlyCount "43"]
[EventDate "2021.08.01"]
[EventType "tourn (blitz)"]
[EventRounds "29"]
[EventCountry "GER"]
[EventCategory "5"]
[SourceTitle "CBM 203 Extra"]
[Source "ChessBase"]
[SourceDate "2021.09.30"]
[SourceVersion "1"]
[SourceVersionDate "2021.09.30"]
[SourceQuality "1"]

1. e4 c6 2. d4 d5 3. e5 c5 4. Nf3 Nc6 5. c4 cxd4 6. Nxd4 e6 7. Nc3 Bb4 8. Nxc6 bxc6 9. Qa4 Bxc3+ 10. bxc3 Ne7 11. Bd3 0-0 12. 0-0 Qc7 13. f4 a5 14. Qc2 g6 15. Be3 Ba6 16. Bc5 dxc4 17. Be4 Rfd8 18. Rf3 Nf5 19. Qf2 Rab8 20. g4 Ne7 21. Rh3 Kg7 22. Qh4 1-0

[Event "GER-chT Lands U20"]
[Site "Berlin"]
[Date "2020.10.03"]
[Round "6.8"]
[White "Burian, Simon"]
[Black "Zimmer, Luca"]
[Result "1-0"]
[WhiteElo "2113"]
[BlackElo "1690"]
[PlyCount "67"]
[EventDate "2020.09.29"]
[EventType "team-swiss"]
[EventRounds "7"]
[EventCountry "GER"]
[SourceTitle "CBM 198 Extra"]
[Source "ChessBase"]
[SourceDate "2020.11.30"]
[SourceVersion "1"]
[SourceVersionDate "2020.11.30"]
[SourceQuality "1"]
[WhiteTeam "Sachsen U20"]
[BlackTeam "Saarland U20"]
[WhiteTeamCountry "GER"]
[BlackTeamCountry "GER"]

1. e4 e6 2. d4 d5 3. Nc3 Bb4 4. Qg4 Ne7 5. exd5 exd5 6. Qxg7 Rg8 7. Qh6 Bf5 8. Qd2 c5 9. Nge2 Nbc6 10. a3 Ba5 11. f3 Qb6 12. dxc5 Qxc5 13. b4 Nxb4 14. axb4 Bxb4 15. Bb2 Nc6 16. 0-0-0 Be6 17. Nd4 Rc8 18. Nxc6 bxc6 19. Qd3 Ba3 20. Bxa3 Qxa3+ 21. Kd2 Rb8 22. Qxh7 Kf8 23. Qh6+ Ke8 24. g3 d4 25. Ne4 Rg6 26. Qf4 Qb4+ 27. Ke2 Bc4+ 28. Kf2 Bxf1 29. Rhxf1 a5 30. Rfe1 Kf8 31. Qe5 a4 32. Qh8+ Rg8 33. Qh6+ Rg7 34. Nf6 1-0

[Event "Wroclaw op"]
[Site "Wroclaw"]
[Date "2020.08.05"]
[Round "6"]
[White "Chmiel, Marcin"]
[Black "Burian, Simon"]
[Result "1-0"]
[WhiteElo "2267"]
[BlackElo "2073"]
[PlyCount "75"]
[EventDate "2020.08.01"]
[EventType "swiss"]
[EventRounds "9"]
[EventCountry "POL"]
[SourceTitle "CBM 197 Extra"]
[Source "ChessBase"]
[SourceDate "2020.09.30"]
[SourceVersion "1"]
[SourceVersionDate "2020.09.30"]
[SourceQuality "1"]

1. c4 c5 2. g3 Nf6 3. Bg2 d5 4. cxd5 Nxd5 5. Nc3 Nc7 6. Nf3 Nc6 7. a3 Rb8 8. b4 cxb4 9. axb4 b5 10. Bb2 Bb7 11. h4 h6 12. h5 e6 13. Ne4 Nxb4 14. Ne5 Be7 15. Rxa7 0-0 16. g4 f5 17. gxf5 exf5 18. Rxb7 Rxb7 19. Qb3+ Kh7 20. Qg3 Ne8 21. Qg6+ Kg8 22. Qe6+ Kh7 23. Ng6 Qd7 24. Nxf8+ Bxf8 25. Qg6+ Kg8 26. Ng3 Nc2+ 27. Kd1 Rc7 28. Qxf5 Qxf5 29. Nxf5 Nb4 30. Rh3 Rc5 31. Be4 Rc4 32. Bb1 Rg4 33. Rg3 Rxg3 34. fxg3 Kf7 35. Nd4 Bd6 36. Bg6+ Kf8 37. g4 Nc7 38. Nf5 1-0